| 000 | 00380nam a22000977a 4500 | ||
|---|---|---|---|
| 008 | 160314b xxu||||| |||| 00| 0 eng d | ||
| 100 | _aErler, Martin | ||
| 245 |
_aKatalog der Stempelmarken von Deutschland vol 14 Rentenversicherungsmarken (1994) _bCatalog of German revenues - Social Insurance stamps |
||
| 260 |
_aIckingen, Germany _bORA Verlag _c1994 |
||
| 650 | _aSocial insurance stamps | ||
| 999 |
_c1833 _d1833 |
||